album de rap fr 1 - Statistiques

Statistiques générales
  • Ce quiz a été pris 257 fois
  • Le résultat moyen est 10 sur 16
Statistiques - réponses
Par images Réponse % Correct
Cyborg
88%
Une main lave l'autre
81%
Trinity
76%
LMF
75%
Enna
74%
Le monde Chico
71%
JVLIVS II
69%
Les derniers salopards
67%
Nero nemesis
60%
J.O.$
59%
ERRR
56%
Mélo
56%
Mr Sal
45%
Santa Sauce 2
37%
La vie est belle
27%
Pacifique
22%
Aucun quiz correspondant
Distribution des résultats
% des personnes avec chaque résultat
Percentile par nombre de réponses
Votre historique - résultats
Vous n’avez pas pris ce quiz